000 00637nam a2200157 a 4500
008 130520s1997 ||||||||||||||||| || u
020 _a9780443057052
050 _aRK 361 HEA
100 _aHeasman, Peter
245 1 0 _aPeriodontology: colour guide
_cby Peter Heasman; Philip Preshaw and David Smith
260 _aEdinburgh:
_bChurchill Livingstone/Elsevier
_c1997
300 _av, 138p.: ill.
500 _aSCHOOL OF MEDICINE
650 _aPERIODONTICS
995 _aMICHAEL CHILUFYA SATA OPEN ACCESS
_e902062
_FCBU-SCHOOL OF MEDICINE LIBRARY (Ndola)
_jRK 361 HEA
_M1
_UAVAILABLE
_WMay 21, 2013
_y902062
_ZMedical Library Open Access Collection
999 _c32353
_d32353